Vi xử lí 1

Bewaard in:
Bibliografische gegevens
Hoofdauteur: Nguyễn, Đình Phú
Formaat: Boek
Gepubliceerd in: Hà Nội Giáo dục 2006
Onderwerpen:
Tags: Voeg label toe
Geen labels, Wees de eerste die dit record labelt!
Thư viện lưu trữ: Trung tâm Học liệu Lê Vũ Hùng, Trường Đại học Đồng Tháp
LEADER 00730pam a22002778a 4500
001 00037445
005 20171026081023.0
008 170512s2006 ||||||Viesd
041 0 # |a Vie 
082 1 4 |a 004.2  |b V300X 
100 1 # |a Nguyễn, Đình Phú 
245 1 0 |a Vi xử lí 1  |c Nguyễn Đình Phú 
260 # # |a Hà Nội  |b Giáo dục  |c 2006 
300 # # |a 313tr  |c 27cm. 
653 # # |a Vi xử lý 
852 # # |b Kho mượn  |j KM.0021891 
852 # # |b Kho đọc  |j KD.0020843 
852 # # |j KD.0020843  |j KM.0021891 
910 |d 12/05/2017 
980 # # |a Trung tâm Học liệu Lê Vũ Hùng, Trường Đại học Đồng Tháp